Serial Podcast Episodes Quiz Stats

 Plays Quiz Updated Jan 16, 2015

Also try: NPR Hosts
Challenge
Share
Tweet
Embed
Score 0/12 Timer 10:00
0 Plays Today
Original airdate Title % Correct
3 October 2014The Alibi
73.5%
13 November 2014The Deal with Jay
53.8%
18 December 2014What We Know
45.1%
10 October 2014Leakin Park
44.8%
11 December 2014Rumors
44.6%
3 October 2014The Breakup
43.3%
30 October 2014The Case Against Adnan Syed
35.4%
23 October 2014Route Talk
33.8%
4 December 2014The Best Defense is a Good Defense
30.5%
16 October 2014Inconsistencies
29.5%
6 November 2014The Opposite of the Prosecution
25.2%
20 November 2014To Be Suspected
23.2%

You're not logged in!

Compare scores with friends on all Sporcle quizzes.
Join for Free
OR
Log In

You Might Also Like...

Show Comments

Extras

Top Quizzes Today


Score Distribution

Your Account Isn't Verified!

In order to create a playlist on Sporcle, you need to verify the email address you used during registration. Go to your Sporcle Settings to finish the process.

Report this User

Report this user for behavior that violates our Community Guidelines.

Details: